000 00253nam a2200097Ia 4500
001 1250239
005 20251031150852.0
008 251031s9999 xx 000 0 und d
245 0 _cAYŞE KULİN
_aA-1 GİZLİ ANLARIN YOLCUSU
260 _bEVEREST YAYINLARI
999 _c1250239
_d1250239